000 00816nam a22002057a 4500
003 OSt
005 20260317001104.0
008 260316b |||||||| |||| 00| 0 eng d
020 _a978-1-84738-742-4
040 _aDWCL GS lib
_cOC
100 _aRUSSELL, RACHEL RENEE
245 _a Dork diaries: party time
_cRUSSELL, RACHEL RENEE
260 _aGreat Britain
_bSimon and Schuster
_c2010
300 _avii, 279 pages
_c20cm.
520 _aIn Dork Diaries: Tales from a Not-So-Popular Party Girl (Book 2), Nikki Maxwell deals with heartbreak when her nemesis, MacKenzie, lies about attending the Halloween dance with Nikki’s crush, Brandon.
546 _aEnglish
650 _2diary fiction.
650 _2friendship, loyalty, and the importance of being true to oneself,
942 _2ddc
_cFIC.
_hFic.
_n0
999 _c9171
_d9171